000 00284nam a22001337a 4500
003 SGT
082 _a617.69
_bZ25G
100 _aGoyal, Harshita
245 _aZygomatic implantology
260 _bSGT University
_c2025
300 _a105
650 _aProsthodontics
942 _2ddc
_cTH
999 _c31365
_d31365